PM’s address to the nation (Record no. 518948)

000 -LEADER
fixed length control field 00288nam a22001097a 4500
008 - FIXED-LENGTH DATA ELEMENTS--GENERAL INFORMATION
fixed length control field 211227b ||||| |||| 00| 0 eng d
245 ## - TITLE STATEMENT
Title PM’s address to the nation
260 ## - PUBLICATION, DISTRIBUTION, ETC. (IMPRINT)
Place of publication, distribution, etc Kurukshetra
300 ## - PHYSICAL DESCRIPTION
Extent 69(9), Jul, 2021: p.26-30
773 ## - HOST ITEM ENTRY
Main entry heading 69(9), Jul, 2021: p.26-30
942 ## - ADDED ENTRY ELEMENTS (KOHA)
Item type Articles
Holdings
Withdrawn status Lost status Source of classification or shelving scheme Damaged status Not for loan Permanent location Current location Date acquired Serial Enumeration / chronology Barcode Date last seen Koha item type
          Indian Institute of Public Administration Indian Institute of Public Administration 2021-12-27 69(9), Jul, 2021: p.26-30 AR125991 2021-12-27 Articles

Powered by Koha